| 000 | 00687nam1a22002171i 4500 | ||
|---|---|---|---|
| 001 | rc\182984 | ||
| 005 | 20240723212756.0 | ||
| 035 | _a(NLR Aleph) 005618389 | ||
| 090 |
_a6474042 _c6474042 |
||
| 100 | _a20030307g19979999u |0rusy50 ca | ||
| 101 | 0 | _arus | |
| 102 | _aRU | ||
| 105 | _ay ||||||||| | ||
| 200 | 1 |
_aИстория Сибири _e[Учеб. пособие для общеобразоват. учреждений _eВ 3 ч.] |
|
| 210 |
_aНовосибирск _cИнфолио-пресс _d1997- |
||
| 215 | _d22 | ||
| 300 | _aПосвящ. 60-летию Новосиб. обл. | ||
| 801 | 0 |
_aRU _bNLR _gpsbo |
|
| 801 | 1 |
_aRU _bELAR _2rusmarc |
|
| 852 |
_aNLR _j97-5/2839 |
||
| 942 | _cBOOK | ||